000 01361nam a22003257a 4500
999 _c525
_d525
003 AR-CdUCM
008 190223b ||||| |||| 00| 0 spa d
040 _aMUNICIPALIDAD PROVINCIAL DEL CUSCO
_cBIBLIOTECA MUNICIPAL DEL CUSCO
082 _a869. 5608 /
_bC46I
110 _aCentro Andino de Investigación pedagógica
_92046
245 _aI juegos florales magisteriales de la región Inca, 1989 /
260 _aCusco :
_bEdiciones Centro Andino de Investigación pedagógica,
_c1989.
300 _a160 páginas ;
_c20 cm.
500 _aDonación de la familia Nieto.
505 _aContenido: Resultados I juegos florales magisteriales -- Ecología y medio ambiente -- Escuela y comunidad -- Salud y educación -- Material didáctico -- Cuentos y leyendas tradicionales.
650 _aMagisterio
_92047
650 _aRegión Inka
_91944
650 _aJuegos florales
_92048
650 _aEducación
_9460
700 _a Navarro Canales, Nicolás
_92049
700 _a Rozas Merma, José A.
_92050
700 _a Andrés Apaza Cutipa, José
_92051
700 _a Carpio gamarra, Manuel Jesús del
_92052
700 _a Bausch Bedoya, Germán
_92053
700 _a Lozano Delgado, Jorge Renato
_92054
700 _aTaipe Haqquehua, Carlos
_92055
700 _a Chucuya Alfaro, José Aarón
_92056
942 _2ddc
_cLIBROS
945 _alccs
_d2019-02-23